| 000 | 00607cam a2200193 4500500 | ||
|---|---|---|---|
| 005 | 20260329002648.0 | ||
| 041 | _afre | ||
| 042 | _adc | ||
| 100 | 1 | 0 |
_aCharnay, Julien _eauthor |
| 245 | 0 | 0 | _aRichard Sennett: « Notre activité s’inscrit dans un présent perpétuel » |
| 260 | _c2013. | ||
| 500 | _a49 | ||
| 690 | _aArtisanat | ||
| 690 | _aBurn out | ||
| 690 | _aSennett | ||
| 690 | _aTravail | ||
| 786 | 0 | _nPhilosophie magazine | 68 | 4 | 2013-04-01 | p. 30-30 | 1951-1787 | |
| 856 | 4 | 1 | _uhttps://shs.cairn.info/magazine-philosophie-magazine-2013-4-page-30?lang=fr&redirect-ssocas=7080 |
| 999 |
_c1817151 _d1817151 |
||